| 000 | 00930nam a2200277 i 4500 | ||
|---|---|---|---|
| 001 | 200446921 | ||
| 999 |
_c200446921 _d65133 |
||
| 003 | TR-AnTOB | ||
| 005 | 20240925161507.0 | ||
| 007 | ta | ||
| 008 | 220131b2002 tu 000 0 tur d | ||
| 040 |
_aTR-AnTOB _beng _erda _cTR-AnTOB |
||
| 041 | 0 | _atur | |
| 050 | 1 | 4 |
_aHD4276.7 _b.K36 2002 |
| 090 | _aTOBBK HD4276.7 .K36 2002 | ||
| 245 | 0 | 0 |
_aKamu sektörü işçisi: _börgütlü gücü, verimliliği, milli gelire ve bütçeye yaptığı katkı ile / _cPetrol-iş Sendikası (Petrol-iş). |
| 264 | 1 |
_aİstanbul ; _bPetrol-iş, _c2002. |
|
| 300 |
_a25 pages ; _c30 cm |
||
| 336 |
_atext _btxt _2rdacontent |
||
| 337 |
_aunmediated _bn _2rdamedia |
||
| 338 |
_avolume _bnc _2rdacarrier |
||
| 650 | 0 |
_aKamu çalışmaları _zTürkiye _9115644 |
|
| 650 | 7 |
_aİstihdam (Ekonomi teorisi) _zTürkiye _2etuturkob _945406 |
|
| 942 |
_2z _cBK |
||